Rentgenovskoje i nejtronnoje malouglovoje rassejanije /

Na minha lista:
Detalhes bibliográficos
Main Authors: Svergun, Dmitrij Ivanovič (Author), Fejgin, Lev Abramovič (Author)
Formato: Livro
Publicado em: Moskva : Nauka, 1986
Tags: Adicionar Tag
Sem tags, seja o primeiro a adicionar uma tag!

MARC

LEADER 00000nam a22000003a 4500
001 stu19618
005 20150617225753.3
008 ------s1986----xxr---------------------d
040 |a STU  |b slo 
041 0
044 |a xxr 
080 |a 539.21 
100 1 |a Svergun, Dmitrij Ivanovič  |4 aut 
245 1 |a Rentgenovskoje i nejtronnoje malouglovoje rassejanije /  |c [aut.]Svergun,Dmitrij Ivanovič, Fejgin,Lev Abramovič 
260 |a Moskva :  |b Nauka,  |c 1986 
300 |a 278 s :  |b Obr.,tab.,grafy,lit.,index 
700 1 |a Fejgin, Lev Abramovič  |4 aut 
996 |b C78023  |c C*78023  |l CCV  |s P  |a 0  |w stu19618_0001